| 000 | 00399nam a2200121Ia 4500 | ||
|---|---|---|---|
| 008 | 170221s9999 xx 000 0 und d | ||
| 100 | _aJames B. Bexley | ||
| 245 | _aDe novo banks at the crossroads | ||
| 245 | _cJames B. Bexley, Sam Houston State University. | ||
| 260 | _bJournal of Management and Marketing Research | ||
| 650 | _xBusiness | ||
| 856 | _uhttp://www.aabri.com/manuscripts/152242.pdf | ||
| 999 |
_c307525 _d307525 |
||